000
00279nam a2200109Ia 4500
008
220204s9999 xx 000 0 und d
082
_a
338.5.01
_b
ALL
100
_a
ALLEN, C Lee
245
0
_a
Prices, income and public policy
260
_a
New York
_b
Mcgraw Hill
_c
1959
942
_c
BK
999
_c
20970
_d
20970